Delitos contra la libertad sexual (Registro nro. 21725)
[ vista simple ]
| 000 -Cabecera | |
|---|---|
| Campo de control interno | 01197nam a2200229Ia 4500 |
| 005 - Fecha y hora del registro | |
| control field | 20260407113305.0 |
| 008 - Elementos de Longitud Fija | |
| fixed length control field | 260320s9999||||xx |||||||||||||| ||und|| |
| 020 ## - ISBN | |
| ISBN | 9786123331566 |
| 041 ## - Idioma | |
| Codigo Idioma | ESP |
| 082 ## - DEWEY y NOTACIÓN INTERNA | |
| Dewey | 344.522 |
| Notación Interna | P42 |
| 100 ## - AUTOR | |
| Autor denominación | Peña Cabrera Freyre, Alonso, |
| Término de relación | autor |
| 245 #0 - TÍTULO DE MATERIAL BIBLIOGRÁFICO | |
| Título | Delitos contra la libertad sexual |
| 250 ## - EDICIÓN | |
| Edición | Primera edición |
| 260 ## - CIUDAD, EDITORIAL, AÑO | |
| Ciudad | Lima : |
| Nombre de la Editorial | Gaceta Jurídica, |
| Año | 2025 |
| 300 ## - DESCRIPCIÓN | |
| N° Páginas | 271 páginas : |
| Dimensiones | 25 cm. |
| 650 ## - TEMAS | |
| Temas | Ciencias Sociales |
| 653 ## - DESCRIPTORES | |
| Lenguajes no controlado | Derecho; Derecho penal; Delito contra la libertad sexual |
| 654 ## - PROGRAMAS | |
| Programa | Dpto. de Derecho y Ciencia Política |
| 856 ## - URL - UBICACIÓN | |
| URI/URL: Enlace exacto del recurso | <a href="https://palestra-tirantonline-com.ucsp.lookproxy.com/base/per/biblioteca_virtual/8484563995?general=delitos+contra+la+libertad+sexual&index=0&navigate_url=%2Fbase%2Fper%2Fbibliotecavirtual%2Fsearches%2Fnavigate%3Ftoken_id%3D68f797efa09e34000b58f5f3&next_index=1&num_found=3213&pais=per&route=ser&search_type=bibliotecavirtual&search_url=%2Fbase%2Fper%2Fbibliotecavirtual%2Fsearches%3Findex%3D0%26token_id%3D68f797efa09e34000b58f5f3&token_id=68f797efa09e34000b58f5f3&tolgeo=latam">https://palestra-tirantonline-com.ucsp.lookproxy.com/base/per/biblioteca_virtual/8484563995?general=delitos+contra+la+libertad+sexual&index=0&navigate_url=%2Fbase%2Fper%2Fbibliotecavirtual%2Fsearches%2Fnavigate%3Ftoken_id%3D68f797efa09e34000b58f5f3&next_index=1&num_found=3213&pais=per&route=ser&search_type=bibliotecavirtual&search_url=%2Fbase%2Fper%2Fbibliotecavirtual%2Fsearches%3Findex%3D0%26token_id%3D68f797efa09e34000b58f5f3&token_id=68f797efa09e34000b58f5f3&tolgeo=latam</a> |
| Nota pública: Versión digital | <a href="Véase además: Nuevas perspectivas sobre los delitos contra la libertad sexual. Versión digital">Véase además: Nuevas perspectivas sobre los delitos contra la libertad sexual. Versión digital</a> |
| 942 ## - ELEMENTOS DE KOHA | |
| Tipo de documento | Libro |
| Nombre del creador | Justo Noguera |
| Código de catalogador | Tania Ramirez |
| Esquema de clasificación | Dewey Decimal Classification |
| Codigo completo | Registro | Colección | Copia número | Disponibilidad | Tipo de préstamo | Biblioteca Actual | Procedencia (Biblioteca) | Ubicacón | Fecha Ingreso | Tipo de Adquisición | Date last seen | Total checkouts | Price effective from | Tipo de Item | Estado del Material | Fuente de Clasificación | Damaged status | Withdrawn status |
|---|---|---|---|---|---|---|---|---|---|---|---|---|---|---|---|---|---|---|
| 344.522 P42 | 1085272 | Universidad Católica San Pablo | 1 | Disponible | Disponible | Víctor Andrés Belaunde | Víctor Andrés Belaunde | Primer piso | 07/04/2026 | Suscripción | 07/04/2026 | 07/04/2026 | Libro | Bueno | Dewey Decimal Classification |




